Устройство АЗП-23М: учебное пособие

Detaylı Bibliyografya
Müşterek Yazar: Национальный исследовательский Томский политехнический университет (ТПУ) Военная кафедра (ВК)
Diğer Yazarlar: Гаврилов А. А. Алексей Александрович (автор составитель), Целебровский А. И. Алексей Игоревич
Özet:Заглавие с титульного экрана
Электронная версия печатной публикации
Пособие содержит теоретический материал по общему устройству автоматической зенитной пушки АЗП-23М, которая является элементом зенитной самоходной установки ЗСУ-23-4М “Шилка”. В первой главе рассматриваются общие сведения о ЗСУ-23-4М, ее назначение, состав, основные тактико-технические характеристики и режимы работы. Вторая глава содержит материалы по устройству и взаимодействию частей автоматов, устройству основания с башней, электрооборудования, электрических агрегатов, а также боеприпасов. Дана характеристика и устройство как всей АЗП-23М в целом, так и отдельных элементов и систем, обеспечивающих ее работу. Предназначено для студентов, обучающихся по военно-учетной специальности “Боевое применение подразделений, вооружённых зенитными артиллерийскими самоходными установками с радиоприборными комплексами”.
Режим доступа: из корпоративной сети ТПУ
Dil:Rusça
Baskı/Yayın Bilgisi: Томск, Изд-во ТПУ, 2018
Konular:
Online Erişim:http://www.lib.tpu.ru/fulltext2/m/2018/m037.pdf
Materyal Türü: MixedMaterials Elektronik Kitap
KOHA link:https://koha.lib.tpu.ru/cgi-bin/koha/opac-detail.pl?biblionumber=341432

MARC

LEADER 00000nlm0a2200000 4500
001 341432
005 20231214141812.0
035 |a (RuTPU)RU\TPU\book\369344 
035 |a RU\TPU\book\369342 
090 |a 341432 
100 |a 20180920d2018 m y0rusy50 ca 
101 0 |a rus 
102 |a RU 
105 |a a j 001zy 
135 |a drcn ---uucaa 
181 0 |a i  
182 0 |a b 
200 1 |a Устройство АЗП-23М  |e учебное пособие  |f Национальный исследовательский Томский политехнический университет (ТПУ) ; авт.-сост. ; А. А. Гаврилов, А. И. Целебровский 
203 |a Текст  |c электронный 
210 |a Томск  |c Изд-во ТПУ  |d 2018 
300 |a Заглавие с титульного экрана 
300 |a Электронная версия печатной публикации 
330 |a Пособие содержит теоретический материал по общему устройству автоматической зенитной пушки АЗП-23М, которая является элементом зенитной самоходной установки ЗСУ-23-4М “Шилка”. В первой главе рассматриваются общие сведения о ЗСУ-23-4М, ее назначение, состав, основные тактико-технические характеристики и режимы работы. Вторая глава содержит материалы по устройству и взаимодействию частей автоматов, устройству основания с башней, электрооборудования, электрических агрегатов, а также боеприпасов. Дана характеристика и устройство как всей АЗП-23М в целом, так и отдельных элементов и систем, обеспечивающих ее работу. Предназначено для студентов, обучающихся по военно-учетной специальности “Боевое применение подразделений, вооружённых зенитными артиллерийскими самоходными установками с радиоприборными комплексами”. 
333 |a Режим доступа: из корпоративной сети ТПУ 
452 1 |0 (RuTPU)RU\TPU\book\370026  |t Устройство АЗП-23М  |o учебное пособие  |f Национальный исследовательский Томский политехнический университет (ТПУ) ; авт.-сост. А. А. Гаврилов ; А. И. Целебровский  |c Томск  |n Изд-во ТПУ  |d 2018  |p 151 с. 
606 1 |a Зенитные ракетные комплексы  |2 stltpush  |3 (RuTPU)RU\TPU\subj\11807  |9 38702 
610 1 |a электронный ресурс 
610 1 |a учебные пособия 
610 1 |a труды учёных ТПУ 
610 1 |a теоретические материалы 
610 1 |a пушки 
610 1 |a зенитные пушки 
610 1 |a самоходные установки 
610 1 |a технико-экономические характеристики 
610 1 |a режимы работы 
610 1 |a электрооборудование 
610 1 |a электрические агрегаты 
610 1 |a боеприпасы 
610 1 |a эксплуатация 
610 1 |a боевые действия 
686 |a Ц64я73  |2 rubbk 
702 1 |a Гаврилов  |b А. А.  |c специалист в области военного дела  |c преподаватель Томского политехнического университета  |f 1963-  |g Алексей Александрович  |3 (RuTPU)RU\TPU\pers\29006  |4 070  |4 220  |9 13726 
702 1 |a Целебровский  |b А. И.  |c специалист в области военного дела  |c старший преподаватель Томского политехнического университета  |f 1972-  |g Алексей Игоревич  |3 (RuTPU)RU\TPU\pers\29005  |4 070  |4 220 
712 0 2 |a Национальный исследовательский Томский политехнический университет (ТПУ)  |b Военная кафедра (ВК)  |3 (RuTPU)RU\TPU\col\18831 
801 2 |a RU  |b 63413507  |c 20190110  |g RCR 
856 4 |u http://www.lib.tpu.ru/fulltext2/m/2018/m037.pdf 
942 |c CF